| 000 | 00401nam a2200145Ia 4500 | ||
|---|---|---|---|
| 008 | 210210b1963 xxu||||| |||| 00| 0 eng d | ||
| 082 | _a793.732 MELN | ||
| 100 | _aMELNINCOVE (Bettye F), Comp. | ||
| 245 | _aNew webster's crossword puzzle dictionary. | ||
| 260 |
_aGreenwich. _bFawcett Crest book., _c1963 |
||
| 300 | _aviii,240 | ||
| 650 | _aCrosswords | ||
| 690 | _aIndoor Game | ||
| 906 | _a02916 | ||
| 999 |
_c80387 _d80387 |
||